ORGANIC SPECTROSCOPY(NMR ,IRMASS AND UV) (Record no. 9455)
[ view plain ]
| 000 -LEADER | |
|---|---|
| fixed length control field | 00469nam a22001577a 4500 |
| 003 - CONTROL NUMBER IDENTIFIER | |
| control field | SGT |
| 020 ## - INTERNATIONAL STANDARD BOOK NUMBER | |
| International Standard Book Number | 9788123919065 |
| 082 ## - DEWEY DECIMAL CLASSIFICATION NUMBER | |
| Classification number | 547.346,DEW |
| 100 ## - MAIN ENTRY--PERSONAL NAME | |
| Personal name | S. K. DEWAN |
| 245 ## - TITLE STATEMENT | |
| Title | ORGANIC SPECTROSCOPY(NMR ,IRMASS AND UV) |
| 260 ## - PUBLICATION, DISTRIBUTION, ETC. (IMPRINT) | |
| Place of publication, distribution, etc | NEW DELHI |
| Name of publisher, distributor, etc | CBS PUBLISHERS |
| Year of Publication | 2012 |
| 300 ## - PAGE DESCRIPTION | |
| No. of Pages | 662 |
| 650 ## - SUBJECT ADDED ENTRY--TOPICAL TERM | |
| Topical term or geographic name as entry element | ORGANIC CHEMISTRY |
| 653 ## - KEYWORDS--INDEX TERM | |
| Keyword term | BASIS OF ID NMR SPECTROSCOPY, CHEMICAL SHIFT - ORIGIN FACTORS,COUPLING CONSTANTS AND MECHANISM OF COUPLING |
| 942 ## - ADDED ENTRY ELEMENTS (KOHA) | |
| Source of classification or shelving scheme | Dewey Decimal Classification |
| Koha item type | FPS Books |
| 942 ## - ADDED ENTRY ELEMENTS (KOHA) | |
| -- | 5 |
| Withdrawn status | Lost status | Source of classification or shelving scheme | Damaged status | Not for loan | Collection code | Home library | Current library | Shelving location | Date acquired | Vendor Name | Cost, normal purchase price | SGTU | Bill Number | Full call number | Accession No. (Barcode) | Date last seen | Bill Date | Koha item type | Total Checkouts | Date last borrowed |
|---|---|---|---|---|---|---|---|---|---|---|---|---|---|---|---|---|---|---|---|---|
| Dewey Decimal Classification | Not For Loan | SCIENCE | SGT Science & Social Sciences Library | SGT Science & Social Sciences Library | Reference Book | 04/07/2016 | KIRTI PRKASHAN | 415.00 | SGTU | 2947 | 547.346,DEW | PS932 | 04/07/2016 | 19/09/2015 | FPS Books | |||||
| Dewey Decimal Classification | SCIENCE | SGT Science & Social Sciences Library | SGT Science & Social Sciences Library | Text Book | 04/07/2016 | KIRTI PRKASHAN | 415.00 | SGTU | 2947 | 547.346,DEW | PS933 | 07/04/2025 | 19/09/2015 | FPS Books | 6 | 24/02/2025 |